[Event "Girona-ch"]
[Site "Blanes"]
[Date "2015.??.??"]
[Round "3"]
[White "Rodriguez Martin, Joan"]
[Black "Vigueras Ruiz, Francisco"]
[Result "1-0"]
[WhiteElo "1793"]
[BlackElo "1684"]
[PlyCount "31"]
[EventDate "2015.09.27"]
[EventType "swiss"]
[EventRounds "9"]
[EventCountry "ESP"]
[SourceTitle "EXT 2017"]
[Source "ChessBase"]
[SourceDate "2016.10.25"]
[SourceVersion "1"]
[SourceVersionDate "2016.10.25"]
[SourceQuality "1"]

1. d4 d5 2. e3 Nf6 3. Bd3 e6 4. f4 Nc6 5. c3 a6 6. Nd2 Be7 7. Ngf3 0-0 8. 0-0 h6 9. Ne5 Na7 10. g4 Nd7 11. Qe2 Nxe5 12. dxe5 c5 13. Bc2 d4 14. exd4 cxd4 15. Qd3 Bc5 16. Qh7# 1-0

[Event "Girona Province-chB"]
[Site "Figueres"]
[Date "2009.10.18"]
[Round "3"]
[White "Rodriguez Martin, Joan"]
[Black "Serra Canals, Oriol"]
[Result "0-1"]
[WhiteElo "1717"]
[BlackElo "1832"]
[PlyCount "80"]
[EventDate "2009.10.04"]
[EventType "swiss"]
[EventRounds "8"]
[EventCountry "ESP"]
[SourceTitle "EXT 2019"]
[Source "ChessBase"]
[SourceDate "2018.10.10"]
[SourceVersion "1"]
[SourceVersionDate "2018.10.10"]
[SourceQuality "1"]

1. e4 e5 2. Nf3 Nc6 3. d4 exd4 4. Nxd4 Bc5 5. Nxc6 bxc6 6. Bf4 Qf6 7. Qc1 Qd4 8. Be3 Qxe4 9. Nc3 Bxe3 10. Nxe4 Bxc1 11. Rxc1 d5 12. Nc5 Nf6 13. Na6 0-0 14. Nxc7 Rb8 15. b3 Rb6 16. a4 a5 17. Na8 Rb7 18. Ba6 Re7+ 19. Kd2 Bxa6 20. Rhe1 Rxe1 21. Rxe1 Rxa8 22. Re7 Kf8 23. Rc7 Ne4+ 24. Ke3 Rc8 25. Ra7 Re8 26. Kf3 Nc5 27. c3 Be2+ 28. Kg3 Nxb3 29. Rc7 Nc5 30. Rxc6 Nxa4 31. Rc7 Bc4 32. Ra7 Nxc3 33. Rxa5 Ne4+ 34. Kf3 Nd6 35. Ra1 Be2+ 36. Kg3 Nf5+ 37. Kf4 g6 38. Re1 Re4+ 39. Kg5 Kg7 40. f4 h6# 0-1